000 009460000a22002530004500
003 LK-CoMWRAF
005 20231106162725.0
008 230817t1980 ||||| |||| 00| 0 eng d
020 _a892590149
040 _aLK-CoMWRAF
_dLK-CoMWRAF
_eLK-CoMWRAF
041 _aeng
082 _a297.1975
_bHUS
100 _aHusaini, S. Waqar Ahmed
245 _aIslamic environmental systems engineering :
_b a systems study of environmental engineering and the law, politics, education, economics, and sociology of science and culture of Islam
260 _aLondon:
_bMacmillan,
_c1980
300 _axi, 239 p. ; 22 cm
_bBibliography and index included
650 _aISLAM AND SCIENCE
650 _aTechnology--Religious aspects--Islam
650 _aIslam--Economic aspects
650 _aEducation--Islamic countries.
650 _aEconomic development--Religious aspects--Islam
650 _aIslamic civilization--Western influences.
942 _cBK
999 _c1354
_d1354